Normal view
MARC view
- Davies, C. Collin
Entry Personal Name
001 - CONTROL NUMBER
- control field: 50462
003 - CONTROL NUMBER IDENTIFIER
- control field: NUST
005 - DATE AND TIME OF LATEST TRANSACTION
- control field: 20210314134638.0
008 - FIXED-LENGTH DATA ELEMENTS
- fixed length control field: 210314|| aca||aabn | a|a d
040 ## - CATALOGING SOURCE
- Original cataloging agency: NUST
- Transcribing agency: NUST
100 ## - HEADING--PERSONAL NAME
- Personal name: Davies, C. Collin
670 ## - SOURCE DATA FOUND
- Source citation: Work cat.: (NUST): Davies, C. Collin, The Problem of the North-West Frontier 1890-1908, 1932
